[Event "Rheinland Pfalz op Seniors 16th"]
[Site "Neustadt an der Weinstrasse"]
[Date "2018.07.09"]
[Round "3"]
[White "Hauck, Bernd"]
[Black "Vohmann, Wolfgang"]
[Result "0-1"]
[WhiteElo "1748"]
[BlackElo "1964"]
[PlyCount "69"]
[EventDate "2018.07.07"]
[EventType "swiss"]
[EventRounds "9"]
[EventCountry "GER"]
[SourceTitle "EXT 2019"]
[Source "ChessBase"]
[SourceDate "2018.10.10"]
[SourceVersion "1"]
[SourceVersionDate "2018.10.10"]
[SourceQuality "1"]

1. e4 b6 2. d4 Bb7 3. Bd3 Nf6 4. Nf3 Nxe4 5. 0-0 e6 6. Ne5 Nf6 7. Qe2 Be7 8. Nd2 0-0 9. Ne4 d6 10. Nf3 Nbd7 11. Nfg5 h6 12. Nh3 Nxe4 13. Bxe4 Bxe4 14. Qxe4 Nf6 15. Qe2 c5 16. Be3 Rc8 17. Rad1 d5 18. Rfe1 Qc7 19. Bf4 Bd6 20. Be5 cxd4 21. Bxf6 gxf6 22. Rxd4 Qxc2 23. Qh5 Kh7 24. Rh4 Qg6 25. Qxg6+ fxg6 26. Ra4 a5 27. g3 e5 28. a3 Bc7 29. Rg4 f5 30. Rh4 Kg7 31. Rc1 Bd6 32. Rd1 d4 33. f4 e4 34. Rd2 d3 35. Kg2 0-1

[Event "Rheinland Pfalz op Seniors 16th"]
[Site "Neustadt an der Weinstrasse"]
[Date "2018.07.07"]
[Round "1"]
[White "Humm, Peter"]
[Black "Vohmann, Wolfgang"]
[Result "0-1"]
[WhiteElo "1622"]
[BlackElo "1964"]
[PlyCount "66"]
[EventDate "2018.07.07"]
[EventType "swiss"]
[EventRounds "9"]
[EventCountry "GER"]
[SourceTitle "EXT 2019"]
[Source "ChessBase"]
[SourceDate "2018.10.10"]
[SourceVersion "1"]
[SourceVersionDate "2018.10.10"]
[SourceQuality "1"]

1. e4 b6 2. Bc4 e6 3. Nc3 Bb7 4. Nf3 Bb4 5. d3 d5 6. exd5 exd5 7. Qe2+ Ne7 8. Bb3 d4 9. Bd2 dxc3 10. bxc3 Bd6 11. Ng5 0-0 12. Qh5 h6 13. Nxf7 Rxf7 14. Bxf7+ Kf8 15. 0-0 Nd7 16. Bb3 Qe8 17. Qxe8+ Rxe8 18. Rae1 Nc5 19. Re2 Nxb3 20. cxb3 Nf5 21. Rxe8+ Kxe8 22. Re1+ Kf7 23. d4 c5 24. dxc5 Bxc5 25. b4 Be7 26. a4 Bc6 27. Ra1 Nd6 28. a5 Nc4 29. Be1 bxa5 30. bxa5 a6 31. f3 Bd8 32. Rd1 Bxa5 33. Rd4 Bb6 0-1

[Event "Rheinland Pfalz op Seniors 15th"]
[Site "Neustadt an der Weinstrasse"]
[Date "2017.07.16"]
[Round "2"]
[White "Vohmann, Wolfgang"]
[Black "Kelchner, Hans"]
[Result "0-1"]
[WhiteElo "1913"]
[BlackElo "2165"]
[PlyCount "106"]
[EventDate "2017.07.15"]
[EventType "swiss"]
[EventRounds "9"]
[EventCountry "GER"]
[SourceTitle "EXT 2018"]
[Source "ChessBase"]
[SourceDate "2017.10.13"]
[SourceVersion "1"]
[SourceVersionDate "2017.10.13"]
[SourceQuality "1"]

1. Nf3 d5 2. g3 Bf5 3. d4 e6 4. Bg2 Nf6 5. 0-0 Be7 6. c4 c6 7. Nbd2 Nbd7 8. b3 0-0 9. Nh4 Bg4 10. h3 Bh5 11. Nhf3 c5 12. cxd5 Nxd5 13. Bb2 Rc8 14. Ne4 Bg6 15. Nxc5 Nxc5 16. dxc5 Bxc5 17. Ne5 Bc2 18. Qd2 Bb4 19. Qd4 Bc5 20. Qd2 f6 21. Nd3 Nb4 22. Bxb7 Rc7 23. Bg2 Nxd3 24. exd3 Qxd3 25. Qxd3 Bxd3 26. Rfd1 Bc2 27. Rd2 Bf5 28. g4 Bg6 29. a3 Rfc8 30. b4 Bb6 31. a4 Rc2 32. Rad1 a5 33. b5 Rxd2 34. Rxd2 Rc2 35. Rxc2 Bxc2 36. Bf1 Bxa4 37. Bc4 Kf7 38. Ba3 Bc2 39. Bc1 Ke7 40. Kf1 Kd6 41. Ke2 Bd4 42. f3 e5 43. Kd2 Bg6 44. Be2 Bc5 45. Kc3 Kc7 46. Kb3 Kb6 47. Bd2 a4+ 48. Kc3 Be8 49. Bc4 Bxb5 50. Bd5 Bf1 51. h4 Kb5 52. Kb2 Bc4 53. Be4 a3+ 0-1

[Event "Rheinland Pfalz op Seniors 14th"]
[Site "Neustadt an der Weinstrasse"]
[Date "2016.07.23"]
[Round "8"]
[White "Schroeder, Klaus"]
[Black "Vohmann, Wolfgang"]
[Result "0-1"]
[WhiteElo "1868"]
[BlackElo "1892"]
[PlyCount "88"]
[EventDate "2016.07.16"]
[EventType "swiss"]
[EventRounds "9"]
[EventCountry "GER"]
[SourceTitle "EXT 2019"]
[Source "ChessBase"]
[SourceDate "2018.10.10"]
[SourceVersion "1"]
[SourceVersionDate "2018.10.10"]
[SourceQuality "1"]

1. Nf3 e6 2. d4 Nf6 3. c4 b6 4. Nc3 Bb7 5. Qc2 Bb4 6. Bd2 0-0 7. e3 Bxc3 8. Bxc3 Ne4 9. Bb4 c5 10. dxc5 bxc5 11. Bc3 Nxc3 12. Qxc3 Nc6 13. a3 Rb8 14. Be2 Qb6 15. Rb1 Ba6 16. 0-0 Rb7 17. b4 cxb4 18. axb4 Nxb4 19. c5 Qc7 20. Bxa6 Nxa6 21. Rbc1 Rc8 22. Qd4 Nxc5 23. Ne5 d6 24. Nd3 Rb6 25. Rfd1 h6 26. h3 a5 27. Rd2 e5 28. Qd5 Qb7 29. Qxb7 Rxb7 30. Nxc5 Rxc5 31. Rxc5 dxc5 32. Rd5 Rb1+ 33. Kh2 Rc1 34. Rxe5 Rc4 35. Re8+ Kh7 36. Ra8 a4 37. Ra5 Kg6 38. Kg3 Kf5 39. Kf3 Ke5 40. Ke2 Kd5 41. Kd3 Rb4 42. Kc3 f5 43. Ra8 Kc6 44. Rc8+ Kd6 0-1

[Event "Rheinland Pfalz op Seniors 14th"]
[Site "Neustadt an der Weinstrasse"]
[Date "2016.07.16"]
[Round "1"]
[White "Vohmann, Wolfgang"]
[Black "Jovi, Klaus"]
[Result "1-0"]
[WhiteElo "1892"]
[BlackElo "1592"]
[PlyCount "99"]
[EventDate "2016.07.16"]
[EventType "swiss"]
[EventRounds "9"]
[EventCountry "GER"]
[SourceTitle "EXT 2019"]
[Source "ChessBase"]
[SourceDate "2018.10.10"]
[SourceVersion "1"]
[SourceVersionDate "2018.10.10"]
[SourceQuality "1"]

1. g3 d5 2. Bg2 Nf6 3. Nf3 Nc6 4. d4 e6 5. 0-0 Be7 6. c4 0-0 7. b3 h6 8. Nc3 a6 9. Bb2 b6 10. cxd5 exd5 11. Rc1 Bb7 12. Ne5 Na7 13. e3 c6 14. Qe2 Rc8 15. Rfd1 Qd6 16. Ng4 Nxg4 17. Qxg4 Qb8 18. Qe2 f5 19. Na4 b5 20. Nc5 Bxc5 21. Rxc5 Rce8 22. Qc2 Qd8 23. Rc1 b4 24. Qd2 a5 25. a3 Qb6 26. a4 Qd8 27. Qd3 Rf6 28. h4 Nc8 29. Bh3 Ne7 30. Qc2 Qa8 31. Bf1 h5 32. Bd3 g6 33. Qd2 Qd8 34. Re1 Kf7 35. f3 Qc7 36. Kf2 Ra8 37. Rec1 Ba6 38. Bb5 Bb7 39. Qc2 Rc8 40. Bd3 Re6 41. Rf1 Re8 42. Bc1 Ra8 43. e4 Ba6 44. exd5 Nxd5 45. Bxa6 Rxa6 46. Rxd5 Qe7 47. Re5 Rxe5 48. dxe5 Qxe5 49. Qc4+ Qd5 50. Qxa6 1-0

[Event "Rheinland Pfalz op Seniors 13th"]
[Site "Neustadt an der Weinstrasse"]
[Date "2015.07.14"]
[Round "5"]
[White "Vohmann, Wolfgang"]
[Black "Joniks, Paul"]
[Result "1-0"]
[WhiteElo "1986"]
[BlackElo "1590"]
[PlyCount "49"]
[EventDate "2015.07.10"]
[EventType "swiss"]
[EventRounds "7"]
[EventCountry "GER"]
[SourceTitle "EXT 2019"]
[Source "ChessBase"]
[SourceDate "2018.10.10"]
[SourceVersion "1"]
[SourceVersionDate "2018.10.10"]
[SourceQuality "1"]

1. d4 Nf6 2. Nf3 c5 3. c4 cxd4 4. Nxd4 g6 5. g3 Bg7 6. Bg2 0-0 7. 0-0 Re8 8. Nc3 a6 9. b3 Nc6 10. Bb2 d6 11. Nxc6 bxc6 12. Bxc6 Rb8 13. Bxe8 Qxe8 14. Nd5 Bh3 15. Re1 Nxd5 16. Bxg7 Kxg7 17. Qxd5 Be6 18. Qd4+ f6 19. e4 Qc6 20. Rad1 Rb6 21. f4 Bg4 22. Rd2 a5 23. e5 f5 24. exd6+ Kh6 25. dxe7 1-0